| 000 | 01004nam a2200349 a 4500 | ||
|---|---|---|---|
| 003 | AR-BaBNM | ||
| 005 | 20251128210259.0 | ||
| 008 | 082120s2002 ||||||||||||||000 | spa|| | ||
| 020 | _a84-7960-146-9 | ||
| 040 | _cAR-BaBNM | ||
| 245 | 0 | 0 |
_aStudies in philosophy for children _bPixie |
| 250 | _a1ª ed. | ||
| 260 |
_aMadrid _bEdiciones de la Torre _c1996 |
||
| 300 | _a406 p. | ||
| 490 | 0 |
_aProyecto didáctico Quirón _vv. 81 |
|
| 504 | _aContiene bibliografía y notas al final de cada capítulo | ||
| 650 | 4 | _aENSEÑANZA DE LA FILOSOFIA | |
| 650 | 4 | _aPROCESO DE APRENDIZAJE | |
| 650 | 4 | _aDISCUSION EN GRUPO | |
| 650 | 4 | _aPROCESO COGNOSCITIVO | |
| 650 | 4 | _aLENGUAJE DEL NIÑO | |
| 650 | 4 | _aPAPEL DEL LENGUAJE | |
| 650 | 4 | _aRAZONAMIENTO | |
| 650 | 4 | _aREFLEXION | |
| 650 | 4 | _aETICA | |
| 653 | _aEDUCACION EN VALORES | ||
| 700 | 1 |
_aSharp, Ann Margaret _eeditor |
|
| 700 | 1 |
_aReed, Ronald F. _eeditor |
|
| 700 | 1 |
_aLipman, Matthew _ecolaborador |
|
| 942 | _cBK | ||
| 998 | _cRaquel | ||
| 999 |
_c14767 _d14767 |
||